Online Catalogue and eLibrary

Woman, native, other : (Record no. 3114)

MARC details
000 -LEADER
fixed length control field 00517nam a2200181Ia 4500
005 - DATE AND TIME OF LATEST TRANSACTION
control field 20241002024836.0
008 - FIXED-LENGTH DATA ELEMENTS--GENERAL INFORMATION
fixed length control field 240331s9999 xx 000 0 und d
020 ## - INTERNATIONAL STANDARD BOOK NUMBER
ISBN 0253205034
082 ## - DDC Classification
Item Number - Author Mark Min
Class No. 809
100 ## - MAIN ENTRY--PERSONAL NAME
Personal name Min-ha, T.T
245 #0 - TITLE STATEMENT
Title Woman, native, other :
Remainder of title writing postcolonial and feminism
260 ## - PUBLICATION, DISTRIBUTION, ETC.
Place of publication, distribution, etc. Bloomington and Indianpolis
Name of publisher, distributor, etc. Indiana University Press
Date of publication, distribution, etc. 1989
300 ## - PHYSICAL DESCRIPTION
Extent (e.g. Volumes, Pages etc.) viii, 173 p .,
650 ## - SUBJECT ADDED ENTRY--TOPICAL TERM
Topical term or geographic name entry element Women's studies
650 ## - SUBJECT ADDED ENTRY--TOPICAL TERM
Topical term or geographic name entry element anthropology
650 ## - SUBJECT ADDED ENTRY--TOPICAL TERM
Topical term or geographic name entry element critical cultural studies
942 ## - Koha item type (Biblio)
Koha item type Books in Stacks (Lending)
Holdings
Lost status Damaged status Collection code Home library Current library Shelving location Date acquired Full call number Accession Number Item type
    Lending WERC Library WERC Library Social Science Cupboard 03/31/2024 809 Min 4415 Books in Stacks (Lending)

© WERC Library